Power in Washington ; a critical look at today's struggle to govern in the Nation's Capital.

Bibliographic Details
Main Author: Cater, Douglass, 1923-1995
Format: Book
Language:English
Published: New York : Random House, [1964]
Subjects:

MARC

Tag First Indicator Second Indicator Subfields
LEADER 00000cam a22000001 4500
001 in00000206921
005 20151009063017.0
008 720601s1964 nyu b 00000 eng
010 |a  64011984  
035 |a (OCoLC)00253071 
035 |9 AAX9290AM 
040 |a DLC  |c DLC  |d TXA  |d UtOrBLW 
043 |a n-us--- 
049 |a TXAM  |c 1 [905241]  |c 2 [405928] 
050 0 0 |a JK305  |b .C3 
082 0 |a 353 
100 1 |a Cater, Douglass,  |d 1923-1995. 
245 1 0 |a Power in Washington ;  |b a critical look at today's struggle to govern in the Nation's Capital. 
264 1 |a New York :  |b Random House,  |c [1964] 
300 |a x, 275 pages ;  |c 22 cm. 
336 |a text  |b txt  |2 rdacontent 
337 |a unmediated  |b n  |2 rdamedia 
338 |a volume  |b nc  |2 rdacarrier 
504 |a Bibliographical references included in "Notes" (pages [255]-265). 
650 0 |a Executive power  |z United States. 
650 0 |a Legislative power  |z United States. 
651 0 |a United States  |x Politics and government. 
999 |a MARS 
999 f f |s 022d85df-196b-332b-bc1c-b6c7d693d937  |i 50173be5-d055-3901-8061-d3f74089d713  |t 0 
952 f f |p ric  |a Texas A&M University  |b Rellis Campus  |c Joint Library Facility  |d Remote Storage  |t 0  |e JK305 .C3  |h Library of Congress classification  |i unmediated -- volume  |m A14803090873 
998 f f |a JK305 .C3  |t 0  |l Remote Storage